| 000 | 00397 a2200121 4500 | ||
|---|---|---|---|
| 001 | ART_11703 | ||
| 005 | 20260410161859.0 | ||
| 008 | 260409a | ||
| 245 | 1 | 0 | _aOptions in income support for the aged A critique of the two-tier approach |
| 100 | 1 | _aHabib, Jack | |
| 700 | 1 | _aLerman, Robert I. | |
| 773 | 0 |
_tJournal of public economics _g- Vol. 11, NÂș 2 (abr. 1979) _wREV11485 |
|
| 999 |
_c25754 _d25754 |
||